[Event "Kecskemet Caissa IM New Year"]
[Site "Kecskemet"]
[Date "2011.01.03"]
[Round "9"]
[White "Vamos, Viktor"]
[Black "Blandini, Carmelo"]
[Result "1-0"]
[WhiteElo "2185"]
[BlackElo "2015"]
[PlyCount "59"]
[EventDate "2010.12.27"]
[EventType "tourn"]
[EventRounds "10"]
[EventCountry "HUN"]
[SourceTitle "CBM 140 Extra"]
[Source "ChessBase"]
[SourceDate "2011.03.01"]
[SourceVersion "1"]
[SourceVersionDate "2011.03.01"]
[SourceQuality "1"]

1. d4 Nf6 2. Bg5 Ne4 3. Bf4 c5 4. f3 Qa5+ 5. c3 Nf6 6. Nd2 cxd4 7. Nb3 Qb6 8. Qxd4 Qxd4 9. Nxd4 d5 10. 0-0-0 e6 11. Nb5 Na6 12. Nd6+ Ke7 13. e4 Nh5 14. Nxc8+ Rxc8 15. Bg5+ f6 16. Be3 g6 17. Bxa6 bxa6 18. exd5 exd5 19. Rxd5 Ke6 20. Ra5 Rc6 21. Ne2 Kf7 22. g4 Re6 23. Kd2 Ng7 24. Bxa7 Bd6 25. Nd4 Bf4+ 26. Kc2 Re7 27. Bc5 Rc7 28. b4 Ne6 29. Nxe6 Kxe6 30. Rxa6+ 1-0

[Event "Kecskemet Caissa IM New Year"]
[Site "Kecskemet"]
[Date "2010.12.28"]
[Round "2"]
[White "Blandini, Carmelo"]
[Black "Erdelyi, Tamas"]
[Result "1/2-1/2"]
[WhiteElo "2015"]
[BlackElo "2164"]
[PlyCount "39"]
[EventDate "2010.12.27"]
[EventType "tourn"]
[EventRounds "10"]
[EventCountry "HUN"]
[SourceTitle "CBM 140 Extra"]
[Source "ChessBase"]
[SourceDate "2011.03.01"]
[SourceVersion "1"]
[SourceVersionDate "2011.03.01"]
[SourceQuality "1"]

1. Nf3 c5 2. g3 b6 3. Bg2 Bb7 4. 0-0 Nf6 5. d3 g6 6. e4 d6 7. Nbd2 Nfd7 8. Ne1 Bg7 9. f4 0-0 10. Nef3 Nc6 11. c3 b5 12. Kh1 b4 13. Qc2 bxc3 14. bxc3 Rb8 15. Bb2 Ba6 16. Rab1 Qa5 17. Ba1 Nb6 18. Rfc1 Qa4 19. Qxa4 Nxa4 20. Bf1 1/2-1/2

[Event "Kecskemet Caissa IM New Year"]
[Site "Kecskemet"]
[Date "2010.12.27"]
[Round "1"]
[White "Farkas, Tibor"]
[Black "Blandini, Carmelo"]
[Result "1/2-1/2"]
[WhiteElo "2259"]
[BlackElo "2015"]
[PlyCount "31"]
[EventDate "2010.12.27"]
[EventType "tourn"]
[EventRounds "10"]
[EventCountry "HUN"]
[SourceTitle "CBM 140 Extra"]
[Source "ChessBase"]
[SourceDate "2011.03.01"]
[SourceVersion "1"]
[SourceVersionDate "2011.03.01"]
[SourceQuality "1"]

1. e4 e6 2. d3 d5 3. Qe2 dxe4 4. dxe4 c5 5. Nf3 Nc6 6. g3 Nge7 7. c3 Ng6 8. Bg2 Be7 9. 0-0 0-0 10. e5 Qc7 11. Re1 Rd8 12. Nbd2 b6 13. h4 Nf8 14. Nf1 Bb7 15. N1h2 Qd7 16. Bf1 1/2-1/2

[Event "Hotel Montesano op-A"]
[Site "Villa San Giovanni"]
[Date "2005.09.09"]
[Round "3"]
[White "Cordi, Domenico"]
[Black "Blandini, Carmelo"]
[Result "1-0"]
[WhiteElo "2086"]
[BlackElo "1929"]
[PlyCount "125"]
[EventDate "2005.09.07"]
[EventType "swiss"]
[EventRounds "9"]
[EventCountry "ITA"]
[SourceTitle "CBM 108 Extra"]
[Source "ChessBase"]
[SourceDate "2005.11.04"]
[SourceVersion "1"]
[SourceVersionDate "2005.11.04"]
[SourceQuality "1"]

1. e4 e6 2. d4 d5 3. Nd2 dxe4 4. Nxe4 Nd7 5. Nf3 Ngf6 6. Nxf6+ Nxf6 7. Bd3 b6 8. c3 Bb7 9. 0-0 Be7 10. Qa4+ Qd7 11. Bb5 c6 12. Be2 0-0 13. Bf4 Qc8 14. Rad1 Rd8 15. h3 c5 16. Rfe1 Bc6 17. Qb3 Qb7 18. Be5 Rac8 19. dxc5 bxc5 20. Qxb7 Bxb7 21. c4 Rxd1 22. Rxd1 Rd8 23. Rxd8+ Bxd8 24. Nd2 Be7 25. Bf3 Bxf3 26. Nxf3 Nd7 27. Bc3 f6 28. Kf1 Kf8 29. Ke2 Ke8 30. Kd3 Nb8 31. Ne1 Nc6 32. a3 Kd7 33. Nc2 Bd6 34. b4 cxb4 35. axb4 Ne5+ 36. Bxe5 Bxe5 37. c5 a6 38. Kc4 Bc7 39. f3 Be5 40. b5 axb5+ 41. Kxb5 Kc7 42. Nb4 g5 43. Na6+ Kc8 44. Kc6 h5 45. Nb4 f5 46. Nd3 Bg3 47. Nb2 g4 48. hxg4 hxg4 49. fxg4 fxg4 50. Nc4 Bf4 51. Nd6+ Bxd6 52. Kxd6 g3 53. Kxe6 Kc7 54. Kf5 Kc6 55. Kf4 Kxc5 56. Kxg3 Kd6 57. Kf4 Ke7 58. Kg5 Kf8 59. Kg6 Kg8 60. g3 Kh8 61. g4 Kg8 62. g5 Kh8 63. Kf7 1-0

[Event "Hotel Montesano op-A"]
[Site "Villa San Giovanni"]
[Date "2005.09.07"]
[Round "1"]
[White "Blandini, Carmelo"]
[Black "Genocchio, Daniele"]
[Result "0-1"]
[WhiteElo "1929"]
[BlackElo "2306"]
[PlyCount "92"]
[EventDate "2005.09.07"]
[EventType "swiss"]
[EventRounds "9"]
[EventCountry "ITA"]
[SourceTitle "CBM 108 Extra"]
[Source "ChessBase"]
[SourceDate "2005.11.04"]
[SourceVersion "1"]
[SourceVersionDate "2005.11.04"]
[SourceQuality "1"]

1. Nf3 d6 2. g3 g6 3. Bg2 Bg7 4. 0-0 f5 5. d4 Nf6 6. c4 0-0 7. Nc3 Nc6 8. e3 a6 9. a3 e5 10. dxe5 dxe5 11. Qxd8 Rxd8 12. Re1 e4 13. Nd2 Ne5 14. Bf1 Rxd2 15. Bxd2 Nf3+ 16. Kg2 Nxd2 17. Rad1 Nxf1 18. Rd8+ Bf8 19. Rxf1 Kf7 20. Rfd1 Be7 21. R8d2 Be6 22. Nd5 Bxd5 23. cxd5 Ng4 24. Rc2 Bd6 25. Rc3 a5 26. h4 Ra6 27. Rb3 Ra7 28. a4 Bb4 29. Rc1 b6 30. Rd1 Ne5 31. Kf1 Ke7 32. h5 Nd7 33. hxg6 hxg6 34. Ke2 Nc5 35. Rc3 Bxc3 36. bxc3 Nxa4 37. Kd2 b5 38. Rb1 Rb7 39. c4 b4 40. Rh1 b3 41. Rh7+ Kd6 42. Rg7 b2 43. Rxg6+ Kd7 44. Rg7+ Ke8 45. d6 b1Q 46. dxc7 Rb2# 0-1